<?xml version="1.0" encoding="UTF-8"?>
<record
    xmlns:xsi="http://www.w3.org/2001/XMLSchema-instance"
    xsi:schemaLocation="http://www.loc.gov/MARC21/slim http://www.loc.gov/standards/marcxml/schema/MARC21slim.xsd"
    xmlns="http://www.loc.gov/MARC21/slim">

  <leader>00507nam a22001577a 4500</leader>
  <controlfield tag="005">20170523112025.0</controlfield>
  <controlfield tag="008">170523b        xxu||||| |||| 00| 0 eng d</controlfield>
  <datafield tag="020" ind1=" " ind2=" ">
    <subfield code="a">9789696620488</subfield>
  </datafield>
  <datafield tag="040" ind1=" " ind2=" ">
    <subfield code="c">PK-LaUMT</subfield>
  </datafield>
  <datafield tag="082" ind1=" " ind2=" ">
    <subfield code="a">610</subfield>
    <subfield code="b">ZAI-G</subfield>
  </datafield>
  <datafield tag="100" ind1=" " ind2=" ">
    <subfield code="a">Zainab Fatima =&#x632;&#x6CC;&#x646;&#x628; &#x641;&#x627;&#x637;&#x645;&#x6C1;</subfield>
  </datafield>
  <datafield tag="245" ind1=" " ind2=" ">
    <subfield code="a">Gharelu totkoan ka encyclopedia = &#x6AF;&#x6BE;&#x631;&#x6CC;&#x644;&#x648; &#x679;&#x648;&#x679;&#x6A9;&#x648;&#x6BA; &#x6A9;&#x627; &#x627;&#x646;&#x633;&#x627;&#x6CC;&#x6A9;&#x644;&#x648;&#x67E;&#x6CC;&#x688;&#x6CC;&#x627;</subfield>
    <subfield code="c">Zainab Fatima =&#x632;&#x6CC;&#x646;&#x628; &#x641;&#x627;&#x637;&#x645;&#x6C1;</subfield>
  </datafield>
  <datafield tag="260" ind1=" " ind2=" ">
    <subfield code="a">&#x62C;&#x6C1;&#x644;&#x645;:</subfield>
    <subfield code="b">&#x628;&#x6A9; &#x6A9;&#x627;&#x631;&#x646;&#x631;&#x60C;</subfield>
    <subfield code="c">2016</subfield>
  </datafield>
  <datafield tag="300" ind1=" " ind2=" ">
    <subfield code="a">421 &#x635;</subfield>
  </datafield>
  <datafield tag="942" ind1=" " ind2=" ">
    <subfield code="c">BK</subfield>
  </datafield>
  <datafield tag="999" ind1=" " ind2=" ">
    <subfield code="c">93950</subfield>
    <subfield code="d">93950</subfield>
  </datafield>
  <datafield tag="952" ind1=" " ind2=" ">
    <subfield code="0">0</subfield>
    <subfield code="1">0</subfield>
    <subfield code="4">0</subfield>
    <subfield code="7">0</subfield>
    <subfield code="a">01</subfield>
    <subfield code="b">01</subfield>
    <subfield code="d">2017-05-23</subfield>
    <subfield code="l">9</subfield>
    <subfield code="o">610 ZAI-G</subfield>
    <subfield code="p">109370</subfield>
    <subfield code="q">2025-07-02</subfield>
    <subfield code="r">2025-06-18 17:01:43</subfield>
    <subfield code="s">2025-06-18</subfield>
    <subfield code="w">2017-05-23</subfield>
    <subfield code="y">BK</subfield>
  </datafield>
</record>
